| 000 | 00830nam a2200265 i 4500 | ||
|---|---|---|---|
| 001 | 89022 | ||
| 003 | ES-MaACL | ||
| 005 | 20250819085724.0 | ||
| 007 | t| | ||
| 008 | 050124s2004 sp ||||1| spa d | ||
| 020 | _a84-8432-556-3 | ||
| 080 | _a329.18(460) | ||
| 080 | _a94(460)"1955/75" | ||
| 100 | 1 |
_aYsáas, Pere. _9133998 |
|
| 245 | 1 | 0 |
_aDisidencia y subverción _b: la lucha del régimen franquista por su supervivencia, 1960-1975 / _cPere Ysáas. |
| 260 |
_aBarcelona : _bCrítica, _c[2004] |
||
| 300 |
_aXIV, 342 p. ; _c24 cm. |
||
| 490 | 1 | _aCrítica contrastes | |
| 504 | _aBibliografía: p.[319]-329. | ||
| 650 | 1 | 7 |
_aFranquismo _2embne _912981 |
| 651 | 4 |
_aEspaña- _xHistoria- _y1955-1975. _98337 |
|
| 830 | 0 |
_aCrítica contrastes _9180307 |
|
| 852 |
_aES-MaACL _jL-28646 _bR.135085 |
||
| 999 |
_c89022 _d89022 |
||